Los ojos (3).

Gespeichert in:
Bibliographische Detailangaben
Format: keine Angabe
Sprache:Spanisch
Erschienen: Madrid Gráficas Cóndor 1959
Katalog:MANES:  Suchergebnis im Bibliothekskatalog
Schulbuchspezifische Eigenschaften:
Tags: Tag hinzufügen
Keine Tags, Fügen Sie den ersten Tag hinzu!
Hinzugefügt zu:26.04.2016
Geändert in:07.05.2025

MARC

LEADER 000000000a22000000004500
001 12043
003 OSt
005 20250507133340.0
008 160427s sp ||||| |||| 00| 0 spa d
040 |c centro_manes 
041 1 |a spa 
561 |5 es-CICE  |a España. Centro Internacional de la Cultura Escolar  |k MANES 
691 0 |a PRI 
245 0 0 |a Los ojos (3). 
260 3 |a Madrid  |b Gráficas Cóndor  |c 1959 
300 |a S/N  |c 19 x 13,5 cm 
500 |a Comisaría de extensión cultural del M.E.N. Cruzada de protección ocular. 
690 0 |a CN 
942 |2 ddc  |c BK 
546 |a España 
999 |c 18017  |d 18017 
999 |c manes:18017  |d 18017